00541nam a2200133 a 4500008004100000050001500041100002100056245007200077260000900149350000900158995009200167999001700259952013100276120416s1985 xx |||||||||||||| || u aTD 461 Ozo aEvans, Francis L10aOzone in water and wastewater treatmentcedited by Francis L. Evans c1985 a0.00 D0.00FCBU-MAIN LIBRARY (Kitwe)H1I8.00UAVAILABLEZMain Library Open Access Collection c53056d53056 00102lcc4070a001b001cMain Library Open Access Collectiond2022-11-30l0oTD 461 Ozop015698r2022-11-30w2022-11-30y002